ARRUPE JESUIT UNIVERSITY

CORONAVIRUS -STOP THE SPREAD - CLEAN,DISINFECT,COVER

Philosophical consequences of quantum theory : (Record no. 121729)

MARC details
000 -LEADER
fixed length control field 01169cam a2200325 a 4500
001 - CONTROL NUMBER
control field 1510255
003 - CONTROL NUMBER IDENTIFIER
control field ARRUPE
005 - DATE AND TIME OF LATEST TRANSACTION
control field 20150116122637.0
008 - FIXED-LENGTH DATA ELEMENTS--GENERAL INFORMATION
fixed length control field 890223s1989 inua b 001 0 eng
010 ## - LIBRARY OF CONGRESS CONTROL NUMBER
LC control number 89040014
020 ## - INTERNATIONAL STANDARD BOOK NUMBER
International Standard Book Number 0268015783
020 ## - INTERNATIONAL STANDARD BOOK NUMBER
International Standard Book Number 0268015791 (pbk.)
040 ## - CATALOGING SOURCE
Original cataloging agency DLC
Transcribing agency DLC
Modifying agency DLC
050 00 - LIBRARY OF CONGRESS CALL NUMBER
Classification number QC174.12
Item number .P43 1989
082 00 - DEWEY DECIMAL CLASSIFICATION NUMBER
Classification number 530.1/2
Edition number 19
300 ## - PHYSICAL DESCRIPTION
Other physical details ill. ;
Dimensions 24 cm.
245 00 - TITLE STATEMENT
Title Philosophical consequences of quantum theory :
Remainder of title reflections on Bell's theorem /
Statement of responsibility, etc James T. Cushing and Ernan McMullin, editors.
260 ## - PUBLICATION, DISTRIBUTION, ETC. (IMPRINT)
Place of publication, distribution, etc Notre Dame, Ind. :
Name of publisher, distributor, etc University of Notre Dame Press,
Date of publication, distribution, etc c1989.
300 ## - PHYSICAL DESCRIPTION
Extent xiii, 314 p. :
440 #0 - SERIES STATEMENT/ADDED ENTRY--TITLE
Title Studies in science and the humanities from the Reilly Center for Science, Technology, and Values ;
Volume number/sequential designation v. 2
9 (RLIN) 14118
500 ## - GENERAL NOTE
General note Includes index.
504 ## - BIBLIOGRAPHY, ETC. NOTE
Bibliography, etc Bibliography: p. 303-311.
650 #0 - SUBJECT ADDED ENTRY--TOPICAL TERM
Topical term or geographic name as entry element Quantum theory.
9 (RLIN) 14119
650 #0 - SUBJECT ADDED ENTRY--TOPICAL TERM
Topical term or geographic name as entry element Physics
General subdivision Philosophy.
9 (RLIN) 14120
650 #0 - SUBJECT ADDED ENTRY--TOPICAL TERM
Topical term or geographic name as entry element Philosophy.
9 (RLIN) 14121
700 1# - ADDED ENTRY--PERSONAL NAME
Personal name Cushing, James T.,
Dates associated with a name 1937-
9 (RLIN) 14122
700 1# - ADDED ENTRY--PERSONAL NAME
Personal name McMullin, Ernan,
Dates associated with a name 1924-2011.
9 (RLIN) 14123
740 0# - ADDED ENTRY--UNCONTROLLED RELATED/ANALYTICAL TITLE
Uncontrolled related/analytical title Bell's theorem.
906 ## - LOCAL DATA ELEMENT F, LDF (RLIN)
a 7
b cbc
c orignew
d 1
e ocip
f 19
g y-gencatlg
942 ## - ADDED ENTRY ELEMENTS (KOHA)
Source of classification or shelving scheme Library of Congress Classification
Koha item type Monograph ( Printed materials)
Holdings
Withdrawn status Lost status Source of classification or shelving scheme Damaged status Not for loan Collection code Home library Current library Shelving location Date acquired Total Checkouts Full call number Barcode Date last seen Date checked out Price effective from Koha item type
    Library of Congress Classification     Main Collection ARRUPE LIBRARY ARRUPE LIBRARY Main Collection 16/01/2015 1 QC174.12 .P43 1989 46500003176 10/03/2026 18/12/2025 16/01/2015 Monograph ( Printed materials)

 

Arrupe Library. PO Box MP320 Mt Pleasant, Harare, Zimbabwe
263 242 745411|librarian@aju.ac.zw